| 000 | 00448 a2200157 4500 | ||
|---|---|---|---|
| 005 | 20250619125024.0 | ||
| 020 | _a978-1-4739-5861-6 | ||
| 082 | _a658.4092 SCH | ||
| 100 | _aSCHEDLITZKI,D | ||
| 245 | _aStudying Leadership:Traditional and Critical Approaches | ||
| 250 | _a2nd ed. | ||
| 260 |
_aLondon _bSage Publications _c2018 |
||
| 300 |
_axiv,451p.;ill,appendix _bglossarry,reference,index. _c23cm |
||
| 700 | _aGareth Edwards | ||
| 942 |
_2ddc _cBKS |
||
| 999 |
_c4424 _d4424 |
||